000 00442nam a2200157 4500
001 133145
003 ES-MaACL
007 t|
008 070214s1974 sp r ||||1| spa d
100 1 _aRubio, Jesús.
_9100350
245 1 0 _aCurso de Derecho de Sociedades Anónimas /
_cJesús Rubio.
250 _a3ª ed.
260 _aMadrid :
_bEd. de Derecho Financiero,
_c1974.
300 _a540 p. ;
_c24 cm.
852 _aES-MaACL
_jE-6462
_bR.91045
999 _c133145
_d133145